[Event "DVM U20 2018"]
[Site "Osnabrück GER"]
[Date "2018.12.29"]
[Round "5"]
[White "Goldbeck, Lars"]
[Black "Balazs, Balint"]
[Result "1/2-1/2"]
[Termination "normal"]
[Board "3.2"]
[WhiteElo "2172"]
[BlackElo "2105"]
[WhiteClock "00:06:13"]
[BlackClock "00:20:36"]
[WhiteTeam "SC Bavaria Regensburg"]
[BlackTeam "Hagener SV"]
[PlyCount "142"]
[WhiteFideId "16208188"]
[BlackFideId "12922757"]
[EventCountry "GER"]
[EventRounds "7"]
[EventType "team-swiss"]
[EventDate "2018.12.26"]

1. d4 {[%clk 1:30:58]} Nf6 {[%clk 1:30:44]} 2. c4 {[%clk 1:31:16]} e6 {[%clk
1:30:58]} 3. Nc3 {[%clk 1:31:42]} Bb4 {[%clk 1:31:06]} 4. f3 {[%clk 1:31:33]}
d5 {[%clk 1:30:07]} 5. a3 {[%clk 1:31:57]} Bxc3+ {[%clk 1:28:00]} 6. bxc3
{[%clk 1:32:25]} O-O {[%clk 1:28:12]} 7. cxd5 {[%clk 1:32:51]} exd5 {[%clk
1:28:27]} 8. e3 {[%clk 1:33:16]} c5 {[%clk 1:27:33]} 9. Bd3 {[%clk 1:33:27]}
Nc6 {[%clk 1:27:41]} 10. Ne2 {[%clk 1:33:45]} Be6 {[%clk 1:24:40]} 11. O-O
{[%clk 1:33:48]} cxd4 {[%clk 1:24:35]} 12. cxd4 {[%clk 1:34:17]} a6 {[%clk
1:23:12]} 13. Bb2 {[%clk 1:15:46]} b5 {[%clk 1:22:18]} 14. e4 {[%clk 1:12:07]}
Qb6 {[%clk 1:22:11]} 15. Kh1 {[%clk 1:10:24]} Na5 {[%clk 1:20:15]} 16. e5
{[%clk 1:10:29]} Nd7 {[%clk 1:20:18]} 17. Ng3 {[%clk 0:50:28]} Nc4 {[%clk
1:17:25]} 18. Bc1 {[%clk 0:50:25]} Kh8 {[%clk 1:06:31]} 19. Bb1 {[%clk
0:49:31]} a5 {[%clk 1:06:08]} 20. Qd3 {[%clk 0:42:20]} f5 {[%clk 1:01:54]} 21.
Bg5 {[%clk 0:39:18]} h6 {[%clk 0:59:18]} 22. Bc1 {[%clk 0:39:27]} Rac8 {[%clk
0:50:04]} 23. Nh5 Rf7 {[%clk 0:39:54]} 24. Ra2 {[%clk 0:28:19]} Nf8 {[%clk
0:36:31]} 25. Raf2 {[%clk 0:17:18]} Rfc7 {[%clk 0:33:07]} 26. Bf4 {[%clk
0:13:21]} b4 {[%clk 0:28:10]} 27. axb4 {[%clk 0:13:24]} axb4 {[%clk 0:28:33]}
28. g4 {[%clk 0:13:12]} Rf7 {[%clk 0:27:59]} 29. Rg2 {[%clk 0:06:51]} Na3
{[%clk 0:24:34]} 30. gxf5 {[%clk 0:05:56]} Bxf5 {[%clk 0:24:12]} 31. Qxf5
{[%clk 0:06:21]} Rxf5 {[%clk 0:24:29]} 32. Bxf5 {[%clk 0:06:49]} Rc7 {[%clk
0:18:18]} 33. e6 {[%clk 0:06:55]} Re7 {[%clk 0:17:58]} 34. Be5 {[%clk 0:05:01]}
Nxe6 {[%clk 0:16:54]} 35. Bxe6 {[%clk 0:05:09]} Rxe6 {[%clk 0:16:46]} 36. Rxg7
{[%clk 0:04:43]} Rxe5 {[%clk 0:16:35]} 37. dxe5 {[%clk 0:05:12]} Qe3 {[%clk
0:15:09]} 38. Rf7 {[%clk 0:04:17]} Qxe5 {[%clk 0:12:31]} 39. Nf6 {[%clk
0:03:23]} Qf5 {[%clk 0:12:53]} 40. Rh7+ {[%clk 0:03:04]} Qxh7 {[%clk 0:13:15]}
41. Nxh7 {[%clk 0:03:33]} Kxh7 {[%clk 0:13:36]} 42. Re1 {[%clk 0:01:46]} Kg6
{[%clk 0:08:20]} 43. Re6+ {[%clk 0:01:45]} Kf5 44. Rb6 {[%clk 0:29:06]} Nc2
{[%clk 0:39:12]} 45. Kg2 {[%clk 0:27:00]} Ke5 {[%clk 0:34:51]} 46. Kf2 {[%clk
0:26:23]} Kd4 {[%clk 0:34:14]} 47. f4 {[%clk 0:12:50]} Ke4 {[%clk 0:31:36]} 48.
Rxh6 {[%clk 0:11:29]} Kxf4 {[%clk 0:30:51]} 49. Rc6 {[%clk 0:11:29]} b3 {[%clk
0:25:49]} 50. Rb6 {[%clk 0:10:58]} Nd4 {[%clk 0:22:08]} 51. Rb7 {[%clk
0:06:58]} Ke4 {[%clk 0:19:09]} 52. h3 {[%clk 0:02:12]} Kd3 {[%clk 0:18:47]} 53.
h4 {[%clk 0:02:34]} Kc2 {[%clk 0:18:37]} 54. h5 {[%clk 0:02:04]} Nf5 {[%clk
0:18:01]} 55. Rc7+ {[%clk 0:01:49]} Kd2 {[%clk 0:18:17]} 56. Rc5 {[%clk
0:01:52]} b2 {[%clk 0:17:02]} 57. Rxd5+ {[%clk 0:02:20]} Kc2 {[%clk 0:17:21]}
58. Rc5+ {[%clk 0:02:22]} Kd2 {[%clk 0:17:25]} 59. Rd5+ {[%clk 0:02:38]} Kc2
{[%clk 0:17:46]} 60. Rb5 {[%clk 0:02:07]} b1=Q {[%clk 0:17:51]} 61. Rxb1 {[%clk
0:02:32]} Kxb1 {[%clk 0:18:09]} 62. Kf3 {[%clk 0:02:55]} Nh6 {[%clk 0:17:58]}
63. Kf4 {[%clk 0:03:18]} Kc2 {[%clk 0:18:13]} 64. Kg5 {[%clk 0:03:44]} Nf7+
{[%clk 0:18:10]} 65. Kg6 {[%clk 0:04:08]} Ne5+ {[%clk 0:18:28]} 66. Kf6 {[%clk
0:04:14]} Ng4+ {[%clk 0:18:46]} 67. Kg5 {[%clk 0:04:38]} Ne5 {[%clk 0:19:07]}
68. Kf6 {[%clk 0:04:54]} Ng4+ {[%clk 0:19:30]} 69. Kg5 {[%clk 0:05:20]} Ne5
{[%clk 0:19:51]} 70. h6 {[%clk 0:05:47]} Nf7+ {[%clk 0:20:14]} 71. Kg6 {[%clk
0:06:13]} Nxh6 {[%clk 0:20:36]} 1/2-1/2

[Event "DVM U20 2018"]
[Site "Osnabrück GER"]
[Date "2018.12.29"]
[Round "5"]
[White "Bach, Jannik"]
[Black "Dechant, Georg"]
[Result "1/2-1/2"]
[Termination "normal"]
[Board "3.3"]
[WhiteElo "2034"]
[BlackElo "2104"]
[WhiteClock "00:01:02"]
[BlackClock "00:51:34"]
[WhiteTeam "Hagener SV"]
[BlackTeam "SC Bavaria Regensburg"]
[PlyCount "58"]
[WhiteFideId "24615900"]
[BlackFideId "12956716"]
[EventCountry "GER"]
[EventRounds "7"]
[EventType "team-swiss"]
[EventDate "2018.12.26"]

1. Nf3 {[%clk 1:30:58]} c5 {[%clk 1:30:53]} 2. g3 {[%clk 1:30:31]} Nf6 {[%clk
1:30:38]} 3. Bg2 {[%clk 1:30:49]} g6 {[%clk 1:30:42]} 4. O-O {[%clk 1:30:56]}
Bg7 5. d4 {[%clk 1:28:20]} cxd4 {[%clk 1:30:43]} 6. Nxd4 {[%clk 1:28:43]} O-O
{[%clk 1:31:10]} 7. c4 {[%clk 1:19:25]} Nc6 8. Nc3 {[%clk 1:12:32]} Nxd4 {[%clk
1:31:32]} 9. Qxd4 {[%clk 1:13:01]} d6 {[%clk 1:31:51]} 10. Qh4 {[%clk 0:53:25]}
Qc7 {[%clk 1:19:12]} 11. Bg5 {[%clk 0:40:30]} Be6 12. Nd5 {[%clk 0:16:27]} Bxd5
{[%clk 1:13:06]} 13. cxd5 {[%clk 0:16:56]} Qb6 {[%clk 1:11:10]} 14. b3 {[%clk
0:14:05]} Rac8 {[%clk 1:10:52]} 15. Qa4 {[%clk 0:12:09]} a6 16. Rac1 {[%clk
0:09:03]} Qa7 {[%clk 1:01:52]} 17. Be3 {[%clk 0:07:32]} Qa8 {[%clk 1:01:20]}
18. Bb6 {[%clk 0:06:59]} Rxc1 {[%clk 1:00:16]} 19. Rxc1 {[%clk 0:07:29]} Rc8
{[%clk 1:00:31]} 20. Rc4 {[%clk 0:03:29]} Rxc4 {[%clk 0:58:03]} 21. Qxc4 {[%clk
0:03:29]} Nd7 {[%clk 0:58:28]} 22. Qc7 {[%clk 0:02:50]} Nxb6 {[%clk 0:58:53]}
23. Qxb6 {[%clk 0:03:19]} Qc8 {[%clk 0:58:48]} 24. a4 {[%clk 0:03:09]} Bc3
{[%clk 0:56:08]} 25. b4 {[%clk 0:01:51]} Kg7 {[%clk 0:54:48]} 26. Bf3 {[%clk
0:01:34]} Bf6 {[%clk 0:54:41]} 27. Kg2 h5 {[%clk 0:53:54]} 28. h4 {[%clk
0:01:02]} Qd7 {[%clk 0:51:26]} 29. a5 Qb5 {[%clk 0:51:34]} 1/2-1/2

[Event "DVM U20 2018"]
[Site "Osnabrück GER"]
[Date "2018.12.29"]
[Round "5"]
[White "Gabler, Eric"]
[Black "Hoppe, Andreas"]
[Result "0-1"]
[Termination "normal"]
[Board "3.4"]
[WhiteElo "2103"]
[BlackElo "1979"]
[WhiteClock "00:18:09"]
[BlackClock "00:29:03"]
[WhiteTeam "SC Bavaria Regensburg"]
[BlackTeam "Hagener SV"]
[PlyCount "86"]
[WhiteFideId "12949841"]
[BlackFideId "12922811"]
[EventCountry "GER"]
[EventRounds "7"]
[EventType "team-swiss"]
[EventDate "2018.12.26"]

1. d4 {[%clk 1:30:58]} d5 {[%clk 1:30:53]} 2. c4 {[%clk 1:31:22]} e6 {[%clk
1:31:17]} 3. Nc3 {[%clk 1:31:37]} f5 {[%clk 1:31:41]} 4. Nf3 Nf6 {[%clk
1:31:59]} 5. g3 {[%clk 1:31:55]} Be7 {[%clk 1:32:06]} 6. Bg2 {[%clk 1:31:56]}
O-O {[%clk 1:32:14]} 7. O-O {[%clk 1:31:56]} Ne4 8. Qc2 c6 {[%clk 1:28:50]} 9.
Ne5 {[%clk 1:07:07]} Nd7 {[%clk 1:28:34]} 10. Bf4 {[%clk 1:05:00]} Nxe5 {[%clk
1:20:28]} 11. Bxe5 {[%clk 1:05:09]} Nd6 {[%clk 1:20:07]} 12. c5 {[%clk
0:57:29]} Nc4 {[%clk 1:12:35]} 13. Bf4 {[%clk 0:52:12]} e5 {[%clk 1:12:40]} 14.
Bxe5 {[%clk 0:50:25]} Nxe5 {[%clk 1:06:33]} 15. dxe5 {[%clk 0:50:47]} Be6
{[%clk 1:05:44]} 16. b4 {[%clk 0:40:39]} f4 {[%clk 1:05:03]} 17. Qd1 {[%clk
0:38:59]} a5 {[%clk 1:03:28]} 18. a3 {[%clk 0:38:23]} Qe8 {[%clk 0:59:44]} 19.
Qd4 {[%clk 0:28:44]} Qg6 {[%clk 0:58:34]} 20. Rad1 {[%clk 0:24:17]} h5 {[%clk
0:52:56]} 21. Rd3 fxg3 {[%clk 0:39:00]} 22. hxg3 {[%clk 0:21:31]} h4 {[%clk
0:38:18]} 23. e4 dxe4 {[%clk 0:33:48]} 24. Nxe4 {[%clk 0:17:20]} axb4 {[%clk
0:31:42]} 25. axb4 {[%clk 0:17:33]} Ra2 {[%clk 0:30:52]} 26. Nc3 {[%clk
0:15:09]} Ra3 {[%clk 0:25:52]} 27. Be4 {[%clk 0:14:02]} Qg5 {[%clk 0:13:45]}
28. Bg2 {[%clk 0:07:49]} Rd8 {[%clk 0:11:34]} 29. Qe3 {[%clk 0:06:38]} Rxd3
{[%clk 0:11:29]} 30. Qxd3 {[%clk 0:07:01]} Qxe5 {[%clk 0:09:21]} 31. Qe4 {[%clk
0:06:07]} Qxe4 {[%clk 0:09:44]} 32. Nxe4 {[%clk 0:06:32]} hxg3 {[%clk 0:09:50]}
33. Nxg3 {[%clk 0:06:28]} Rb3 {[%clk 0:09:36]} 34. Re1 {[%clk 0:06:24]} Kf7
{[%clk 0:09:42]} 35. Re4 {[%clk 0:05:12]} Rb1+ {[%clk 0:09:12]} 36. Kh2 {[%clk
0:03:29]} Bf6 {[%clk 0:07:37]} 37. Ne2 {[%clk 0:01:04]} g5 {[%clk 0:05:22]} 38.
Bh3 {[%clk 0:00:41]} Bd5 {[%clk 0:04:50]} 39. Re3 {[%clk 0:00:36]} Bd8 {[%clk
0:03:41]} 40. Kg3 {[%clk 0:00:32]} Bc7+ {[%clk 0:03:25]} 41. Kg4 {[%clk
0:25:45]} Kf6 {[%clk 0:31:11]} 42. f4 {[%clk 0:18:21]} Rxb4 {[%clk 0:30:59]}
43. Rc3 {[%clk 0:18:09]} gxf4 {[%clk 0:29:03]} 0-1

[Event "DVM U20 2018"]
[Site "Osnabrück GER"]
[Date "2018.12.29"]
[Round "5"]
[White "Laubrock, Paul"]
[Black "Brüll, Elias"]
[Result "1-0"]
[Termination "normal"]
[Board "3.5"]
[WhiteElo "1968"]
[BlackElo "1884"]
[WhiteClock "00:23:14"]
[BlackClock "00:08:44"]
[WhiteTeam "Hagener SV"]
[BlackTeam "SC Bavaria Regensburg"]
[PlyCount "69"]
[WhiteFideId "1270509"]
[BlackFideId "12964921"]
[EventCountry "GER"]
[EventRounds "7"]
[EventType "team-swiss"]
[EventDate "2018.12.26"]

1. d4 {[%clk 1:30:40]} Nf6 {[%clk 1:30:56]} 2. Nc3 {[%clk 1:30:30]} d5 {[%clk
1:28:54]} 3. Bg5 c5 4. Bxf6 {[%clk 1:19:35]} gxf6 {[%clk 1:24:06]} 5. e3 {[%clk
1:19:58]} e6 {[%clk 1:21:31]} 6. Nf3 {[%clk 1:15:44]} Nc6 {[%clk 1:17:50]} 7.
g3 {[%clk 1:12:15]} Be7 {[%clk 1:14:01]} 8. Bg2 {[%clk 1:12:29]} a6 {[%clk
1:01:14]} 9. O-O b5 {[%clk 0:59:24]} 10. Ne2 {[%clk 1:08:41]} c4 {[%clk
0:52:39]} 11. Re1 {[%clk 1:02:25]} Bb7 {[%clk 0:43:31]} 12. Nf4 {[%clk
0:59:21]} f5 {[%clk 0:39:34]} 13. Nd2 {[%clk 0:54:09]} Qc7 {[%clk 0:28:38]} 14.
Qh5 Qd7 {[%clk 0:21:30]} 15. c3 {[%clk 0:50:00]} h6 {[%clk 0:18:12]} 16. f3
{[%clk 0:45:42]} Bg5 {[%clk 0:17:57]} 17. Nh3 {[%clk 0:45:31]} Bf6 {[%clk
0:16:10]} 18. Kh1 {[%clk 0:40:34]} O-O-O {[%clk 0:16:20]} 19. e4 {[%clk
0:39:14]} fxe4 {[%clk 0:16:34]} 20. fxe4 {[%clk 0:39:37]} Bg7 {[%clk 0:13:24]}
21. exd5 {[%clk 0:39:22]} exd5 {[%clk 0:13:52]} 22. Nf4 {[%clk 0:39:41]} Kb8
{[%clk 0:10:01]} 23. Nxd5 {[%clk 0:34:26]} Nxd4 {[%clk 0:09:38]} 24. Re7 {[%clk
0:31:56]} Qd6 25. Rxb7+ {[%clk 0:30:29]} Kxb7 {[%clk 0:10:12]} 26. Qxf7+ {[%clk
0:30:40]} Rd7 {[%clk 0:08:50]} 27. Nf6+ {[%clk 0:30:34]} Kc8 {[%clk 0:08:54]}
28. Qxd7+ {[%clk 0:25:33]} Qxd7 {[%clk 0:09:08]} 29. Nxd7 {[%clk 0:25:59]} Kxd7
{[%clk 0:09:21]} 30. cxd4 {[%clk 0:26:22]} Bxd4 {[%clk 0:09:43]} 31. Rd1 {[%clk
0:26:36]} Ke6 {[%clk 0:08:10]} 32. Nxc4 {[%clk 0:22:33]} bxc4 {[%clk 0:08:26]}
33. Rxd4 {[%clk 0:22:52]} Rb8 {[%clk 0:08:45]} 34. Rd2 {[%clk 0:22:48]} c3
{[%clk 0:08:44]} 35. Bh3+ {[%clk 0:23:14]} 1-0

[Event "DVM U20 2018"]
[Site "Osnabrück GER"]
[Date "2018.12.29"]
[Round "5"]
[White "Ließ, Alexander"]
[Black "Glaser, Maximilian"]
[Result "1/2-1/2"]
[Termination "normal"]
[Board "3.6"]
[WhiteElo "1782"]
[BlackElo "1794"]
[WhiteClock "00:05:23"]
[BlackClock "00:11:15"]
[WhiteTeam "SC Bavaria Regensburg"]
[BlackTeam "Hagener SV"]
[PlyCount "76"]
[WhiteFideId "16221338"]
[BlackFideId "12956961"]
[EventCountry "GER"]
[EventRounds "7"]
[EventType "team-swiss"]
[EventDate "2018.12.26"]

1. d4 {[%clk 1:30:10]} f5 {[%clk 1:30:12]} 2. Nf3 {[%clk 1:27:00]} Nf6 {[%clk
1:30:25]} 3. c4 {[%clk 1:18:12]} b6 {[%clk 1:28:10]} 4. g3 {[%clk 1:17:18]} Bb7
{[%clk 1:28:20]} 5. Bg2 {[%clk 1:17:29]} e6 {[%clk 1:28:10]} 6. O-O {[%clk
1:17:31]} Be7 {[%clk 1:27:29]} 7. Nc3 {[%clk 1:12:40]} d6 {[%clk 1:23:28]} 8.
Qc2 {[%clk 1:09:14]} Qc8 {[%clk 1:20:46]} 9. Rd1 {[%clk 0:58:38]} O-O {[%clk
1:16:38]} 10. a3 {[%clk 0:50:17]} h6 {[%clk 1:13:31]} 11. b4 {[%clk 0:48:42]}
Ne4 {[%clk 1:13:15]} 12. Bb2 g5 {[%clk 1:05:16]} 13. d5 {[%clk 0:42:22]} Nxc3
{[%clk 1:04:17]} 14. Bxc3 {[%clk 0:42:08]} e5 15. Ne1 {[%clk 0:30:04]} Qe8
{[%clk 1:00:37]} 16. c5 {[%clk 0:25:46]} bxc5 {[%clk 0:58:16]} 17. bxc5 {[%clk
0:26:06]} Na6 {[%clk 0:58:24]} 18. Bb4 {[%clk 0:21:49]} Qf7 {[%clk 0:40:42]}
19. Rab1 Nxb4 {[%clk 0:39:44]} 20. Rxb4 {[%clk 0:21:26]} Bc8 {[%clk 0:39:06]}
21. cxd6 {[%clk 0:17:00]} Bxd6 {[%clk 0:39:14]} 22. Rc4 {[%clk 0:16:14]} e4
{[%clk 0:37:41]} 23. e3 {[%clk 0:12:37]} Bb7 {[%clk 0:34:44]} 24. Rcd4 {[%clk
0:11:57]} Be5 {[%clk 0:31:36]} 25. R4d2 {[%clk 0:12:05]} Rad8 {[%clk 0:28:06]}
26. Qc5 {[%clk 0:11:55]} a6 {[%clk 0:24:03]} 27. Nc2 h5 28. Nb4 {[%clk
0:10:28]} h4 {[%clk 0:18:53]} 29. Nc6 {[%clk 0:09:35]} Bxc6 {[%clk 0:18:46]}
30. dxc6 {[%clk 0:09:58]} Rxd2 {[%clk 0:19:00]} 31. Rxd2 {[%clk 0:10:23]} Bd6
{[%clk 0:19:20]} 32. Qc3 {[%clk 0:08:44]} hxg3 {[%clk 0:19:20]} 33. hxg3 {[%clk
0:08:45]} Rb8 {[%clk 0:14:47]} 34. Rb2 {[%clk 0:07:12]} Rxb2 {[%clk 0:15:09]}
35. Qxb2 Qe7 {[%clk 0:11:20]} 36. a4 {[%clk 0:06:30]} Bb4 {[%clk 0:11:06]} 37.
Bf1 {[%clk 0:05:55]} a5 {[%clk 0:11:15]} 38. Qd4 {[%clk 0:05:23]} Kh7 1/2-1/2

[Event "DVM U20 2018"]
[Site "Osnabrück GER"]
[Date "2018.12.29"]
[Round "5"]
[White "Zähringer, Daniel"]
[Black "Kololli, Martin"]
[Result "1/2-1/2"]
[Termination "normal"]
[Board "4.1"]
[BlackTitle "FM"]
[WhiteElo "2142"]
[BlackElo "2343"]
[WhiteClock "00:38:09"]
[BlackClock "00:37:10"]
[WhiteTeam "SK König Plauen"]
[BlackTeam "Lübecker SV"]
[PlyCount "40"]
[WhiteFideId "12970280"]
[BlackFideId "12936910"]
[EventCountry "GER"]
[EventRounds "7"]
[EventType "team-swiss"]
[EventDate "2018.12.26"]

1. Nf3 Nf6 {[%clk 1:31:06]} 2. c4 {[%clk 1:31:22]} e6 {[%clk 1:31:07]} 3. g3
{[%clk 1:32:09]} b6 {[%clk 1:31:32]} 4. Bg2 {[%clk 1:31:52]} Bb7 {[%clk
1:31:57]} 5. O-O {[%clk 1:31:47]} Be7 {[%clk 1:31:16]} 6. b3 {[%clk 1:31:47]}
O-O {[%clk 1:23:16]} 7. Bb2 {[%clk 1:31:58]} c5 {[%clk 1:21:52]} 8. e3 {[%clk
1:31:34]} d5 {[%clk 1:19:22]} 9. Qe2 {[%clk 1:27:22]} Nbd7 {[%clk 1:11:58]} 10.
Nc3 {[%clk 1:08:54]} Ne4 {[%clk 1:09:42]} 11. cxd5 {[%clk 1:07:00]} exd5 {[%clk
1:00:58]} 12. d4 {[%clk 1:04:23]} Bf6 {[%clk 0:59:17]} 13. Rfd1 {[%clk
0:53:19]} Qe7 {[%clk 0:56:11]} 14. Rac1 {[%clk 0:49:22]} Rfd8 {[%clk 0:56:30]}
15. dxc5 {[%clk 0:48:27]} Ndxc5 {[%clk 0:53:46]} 16. Nd4 {[%clk 0:47:07]} g6
{[%clk 0:48:42]} 17. Qg4 {[%clk 0:45:14]} h5 {[%clk 0:44:51]} 18. Qf3 {[%clk
0:44:51]} Ng5 {[%clk 0:43:33]} 19. Qe2 {[%clk 0:38:09]} Nge4 {[%clk 0:37:10]}
20. Qf3 Ng5 1/2-1/2

[Event "DVM U20 2018"]
[Site "Osnabrück GER"]
[Date "2018.12.29"]
[Round "5"]
[White "Poghosyan, Tigran"]
[Black "Burian, Simon"]
[Result "1-0"]
[Termination "normal"]
[Board "4.2"]
[WhiteElo "2187"]
[BlackElo "2129"]
[WhiteClock "00:20:26"]
[BlackClock "00:31:34"]
[WhiteTeam "Lübecker SV"]
[BlackTeam "SK König Plauen"]
[PlyCount "83"]
[WhiteFideId "12909319"]
[BlackFideId "12956902"]
[EventCountry "GER"]
[EventRounds "7"]
[EventType "team-swiss"]
[EventDate "2018.12.26"]

1. e4 {[%clk 1:30:59]} c5 {[%clk 1:30:50]} 2. Nf3 {[%clk 1:31:23]} d6 {[%clk
1:31:04]} 3. d4 {[%clk 1:31:48]} cxd4 {[%clk 1:31:23]} 4. Qxd4 {[%clk 1:32:13]}
a6 {[%clk 1:31:43]} 5. c4 {[%clk 1:32:35]} Bg4 {[%clk 1:31:43]} 6. Nfd2 {[%clk
1:18:13]} Nc6 {[%clk 1:28:26]} 7. Qe3 {[%clk 1:18:27]} g6 {[%clk 1:25:34]} 8.
h3 {[%clk 1:18:45]} Bd7 {[%clk 1:24:00]} 9. Nf3 {[%clk 1:18:13]} Bg7 {[%clk
1:21:49]} 10. Be2 {[%clk 1:18:20]} Nf6 {[%clk 1:18:07]} 11. O-O {[%clk
1:18:44]} Rc8 {[%clk 1:17:44]} 12. Rd1 {[%clk 1:17:22]} O-O {[%clk 1:17:10]}
13. Nc3 {[%clk 1:15:39]} Ne8 {[%clk 1:09:06]} 14. Nd5 {[%clk 1:09:49]} Na5
{[%clk 1:07:23]} 15. Nb6 {[%clk 1:03:06]} Rc6 {[%clk 1:06:59]} 16. c5 {[%clk
1:03:01]} Be6 {[%clk 0:48:18]} 17. Nd4 {[%clk 0:39:49]} Rc7 {[%clk 0:41:01]}
18. Nxe6 {[%clk 0:39:32]} fxe6 {[%clk 0:41:18]} 19. Bg4 {[%clk 0:39:52]} e5
{[%clk 0:38:23]} 20. b4 {[%clk 0:35:34]} Nc6 {[%clk 0:38:03]} 21. Nd5 {[%clk
0:35:44]} Nd4 {[%clk 0:38:19]} 22. Nxc7 {[%clk 0:35:26]} Qxc7 {[%clk 0:38:21]}
23. Bb2 {[%clk 0:34:14]} Nf6 {[%clk 0:37:46]} 24. Bxd4 {[%clk 0:31:42]} Nxg4
{[%clk 0:37:28]} 25. Qb3+ {[%clk 0:32:07]} Kh8 {[%clk 0:37:50]} 26. cxd6 {[%clk
0:28:31]} exd6 {[%clk 0:37:45]} 27. Rac1 {[%clk 0:28:56]} Qe7 {[%clk 0:37:32]}
28. Bb6 {[%clk 0:28:32]} Nh6 {[%clk 0:35:36]} 29. Rc7 {[%clk 0:27:59]} Qh4
{[%clk 0:35:52]} 30. Qd5 {[%clk 0:27:48]} Ng8 {[%clk 0:35:07]} 31. Qxb7 {[%clk
0:27:19]} Bf6 {[%clk 0:35:24]} 32. Rxd6 {[%clk 0:27:39]} Bd8 {[%clk 0:33:39]}
33. Rc8 {[%clk 0:26:56]} Be7 {[%clk 0:33:32]} 34. Rxf8 {[%clk 0:25:17]} Bxf8
{[%clk 0:33:49]} 35. Rd8 {[%clk 0:24:36]} Qf4 {[%clk 0:33:54]} 36. Rd7 {[%clk
0:21:28]} Nf6 {[%clk 0:32:00]} 37. Rd8 {[%clk 0:20:45]} Ng8 {[%clk 0:31:53]}
38. Be3 {[%clk 0:19:15]} Qf6 {[%clk 0:32:12]} 39. Rd7 {[%clk 0:19:34]} Be7
{[%clk 0:30:54]} 40. Bc5 {[%clk 0:19:47]} Qg5 {[%clk 0:31:17]} 41. Rxe7 {[%clk
0:20:02]} Nxe7 {[%clk 0:31:34]} 42. Qxe7 {[%clk 0:20:26]} 1-0

[Event "DVM U20 2018"]
[Site "Osnabrück GER"]
[Date "2018.12.29"]
[Round "5"]
[White "Linnert, Niklas"]
[Black "Bosselmann, Tom Linus"]
[Result "1/2-1/2"]
[Termination "normal"]
[Board "4.3"]
[WhiteElo "1939"]
[BlackElo "2057"]
[WhiteClock "00:07:50"]
[BlackClock "00:05:50"]
[WhiteTeam "SK König Plauen"]
[BlackTeam "Lübecker SV"]
[PlyCount "98"]
[WhiteFideId "12974781"]
[BlackFideId "12983845"]
[EventCountry "GER"]
[EventRounds "7"]
[EventType "team-swiss"]
[EventDate "2018.12.26"]

1. e4 {[%clk 1:30:56]} c5 {[%clk 1:30:52]} 2. Nf3 {[%clk 1:31:22]} d6 {[%clk
1:31:17]} 3. d4 {[%clk 1:31:47]} cxd4 {[%clk 1:31:40]} 4. Nxd4 {[%clk 1:32:13]}
Nf6 {[%clk 1:32:03]} 5. Nc3 {[%clk 1:32:38]} a6 {[%clk 1:32:29]} 6. Bg5 {[%clk
1:32:37]} e6 {[%clk 1:32:17]} 7. f4 {[%clk 1:31:57]} Be7 {[%clk 1:32:19]} 8.
Qf3 {[%clk 1:31:13]} Nbd7 {[%clk 1:31:53]} 9. O-O-O {[%clk 1:27:51]} Qc7 {[%clk
1:31:23]} 10. g4 {[%clk 1:19:14]} b5 {[%clk 1:04:31]} 11. h4 {[%clk 1:15:33]}
Bb7 {[%clk 1:02:28]} 12. Bxf6 Nxf6 {[%clk 0:53:33]} 13. g5 {[%clk 1:15:36]} Nd7
{[%clk 0:45:11]} 14. Bh3 Nf8 15. h5 {[%clk 1:08:52]} b4 {[%clk 0:41:34]} 16.
Nce2 {[%clk 1:06:49]} O-O-O {[%clk 0:41:03]} 17. Rhg1 {[%clk 1:04:37]} g6
{[%clk 0:37:31]} 18. h6 d5 19. exd5 {[%clk 0:48:50]} Bxd5 {[%clk 0:31:29]} 20.
Qe3 {[%clk 0:49:14]} Kb8 {[%clk 0:27:52]} 21. Kb1 {[%clk 0:46:46]} Bd6 {[%clk
0:12:33]} 22. Rgf1 Nd7 {[%clk 0:11:21]} 23. Nc1 {[%clk 0:40:27]} Nb6 24. Nd3
{[%clk 0:38:13]} Nc4 {[%clk 0:09:51]} 25. Qe2 {[%clk 0:38:26]} Qb6 {[%clk
0:09:36]} 26. Ne5 {[%clk 0:37:54]} Bxe5 {[%clk 0:08:31]} 27. fxe5 Rhf8 {[%clk
0:08:40]} 28. b3 {[%clk 0:35:20]} Na3+ {[%clk 0:08:35]} 29. Kb2 {[%clk
0:35:26]} Bc4 30. Qe4 Bd5 {[%clk 0:06:54]} 31. Qe3 {[%clk 0:26:23]} Rc8 {[%clk
0:06:42]} 32. Rf2 {[%clk 0:26:11]} Rc3 {[%clk 0:06:16]} 33. Rd3 {[%clk
0:25:27]} Rfc8 {[%clk 0:05:53]} 34. Bg2 {[%clk 0:21:39]} Bxg2 {[%clk 0:02:21]}
35. Rxg2 {[%clk 0:21:58]} Nb5 {[%clk 0:02:48]} 36. Rgd2 {[%clk 0:20:01]} Rxd3
{[%clk 0:01:30]} 37. Qxd3 {[%clk 0:20:04]} Nc3 {[%clk 0:01:35]} 38. Nf3 {[%clk
0:17:35]} Nd5 {[%clk 0:00:57]} 39. Qd4 {[%clk 0:16:04]} Qc6 {[%clk 0:01:15]}
40. Qd3 {[%clk 0:14:43]} Qb7 {[%clk 0:01:21]} 41. Nd4 {[%clk 0:06:53]} Rc3
{[%clk 0:01:16]} 42. Qf1 {[%clk 0:03:22]} Rc7 {[%clk 0:22:33]} 43. Rd3 {[%clk
0:19:32]} Qb6 {[%clk 0:21:39]} 44. Ne2 Ne3 {[%clk 0:18:02]} 45. Qf3 {[%clk
0:14:59]} Nd5 {[%clk 0:16:02]} 46. c4 bxc3+ {[%clk 0:13:29]} 47. Nxc3 {[%clk
0:13:28]} Qc5 {[%clk 0:08:23]} 48. a3 {[%clk 0:09:01]} a5 {[%clk 0:08:25]} 49.
Qg3 {[%clk 0:07:50]} Kc8 {[%clk 0:05:50]} 1/2-1/2